Toutes les races, les tribus et les peuples de One Piece - Statistiques

Statistiques générales
  • Ce quiz a été pris 61 fois
  • Le résultat moyen est 18 sur 34
Statistiques - réponses
Exemple de membres appartenant à cette race Race % Correct
Dorry, Hajrudin, John Giant, Yarle, etc... Géant
90%
Fisher Tiger, Hody Jones, Jack, Jinbe, Kawamatsu, Sasaki, etc... Homme-Poisson
90%
Bartholomew Kuma, Franky, Queen, etc... Cyborg
86%
Akainu, Gol D. Roger, Monkey D. Dragon, Monkey D. Luffy, etc... Humain
86%
Kyros (anciennement), etc... Jouet
81%
Bartholomew Kuma et Bartholomew Krap Boucanier
79%
Charlotte Marble, Mobile et Mucre, Diesel, Ideo, Joseph, Sancrin et Scratchmen Apoo Long-Bras
79%
Carrot, Bepo, Faust, Inuarashi, Lindbergh, Nekomamushi, Pekoms, etc... Mink
79%
Bian, Kabu, Léo, Mansherry, etc... Nain
79%
Blue Gilly, Charlotte Cinnamon, Citron et Smoothie et Tamago Longue-Jambe
76%
King Lunaria
74%
Aisa, Kalgara, Laki, Wiper, etc... Shandia
71%
Camie, Kokoro, Neptune, Otohime, Shirahoshi, Shyarly, etc... Sirène
71%
Charlotte Pudding Trois Yeux
69%
Chadros Higelyges (Barbe Brune), Chappe, etc... Centaure
64%
Napoléon, Pandora, Prométhée, Zeus, etc... Homies
64%
Boa Hancock, Gloriosa, Shakuyaku (anciennement), Tritoma (anciennement), etc... Kuja
64%
Hildon, Kumacy, Laura, Oars, Ryuma et Victoria Cindry (tous anciennement) Zombie
64%
Monet Harpie
62%
Little Oars Jr. et Oars Géant Antique
55%
Amazon, Conis, Gan Forr, Pagaya, etc... Skypién
48%
Vogue Merry et Thousand Sunny (épisode du Merry) Klabautermann
33%
Aucun membres connus (Aperçu dans un des livres de Big Mom enfermé grâce à Mont d'Or) Long-Membre
31%
Charlotte Amande, Effilée, Hachée, Joscarpone, Mascarpone, Mondée et Uiro Serpentin
31%
Clan d'Ener, Haredas et Urouge Bilcan
26%
Bentham, Emporio Ivankov, Inazuma, etc... Okama
26%
Big Pan Wotan
26%
Aucun membres connus (Mentionné par Scopper Gaban) Long-Cou
21%
Charlotte Praline, Dellinger et Sapî Semi-Triton
21%
Cosmo, Galaxy, Macro, etc... (Mini Aventure d'Ener) Spacey
21%
Charlotte Normande Dosundada
19%
Aucun membres connus (Mini Aventure de Baggy) Kumate
19%
Fen Bock, etc... Satyre
19%
Aucun membres connus (SBS Tome 112) Zushindodo
12%
Aucun quiz correspondant
Distribution des résultats
% des personnes avec chaque résultat
Percentile par nombre de réponses
Votre historique - résultats
Vous n’avez pas pris ce quiz